MARC

LEADER 00000nam0a2200000 4500
001 93790
005 20231031105352.0
035 |a (RuTPU)RU\TPU\book\100428 
090 |a 93790 
100 |a 20060403d1971 m y0rusy50 ca 
101 0 |a rus 
102 |a RU 
105 |a a z 001zy 
200 1 |a Определение динамических параметров электропривода постоянного тока  |f Д. С. Ямпольский, Т. А. Орлова, Б. И. Решмин  |g под ред. Я. М. Большама 
210 |a Москва  |d 1971  |c Энергия 
215 |a 56 с.  |c черт. 
225 1 |a Библиотека электромонтера  |v вып. 345 
320 |a Библиогр.: с. 54. 
610 1 |a электроприводы 
610 1 |a электроприводы постоянного тока 
610 1 |a динамический расчет 
675 |a 62-83  |v 3 
700 1 |a Ямпольский  |b Д. С.  |g Дмитрий Срулевич 
701 1 |a Орлова  |b Т. А.  |g Тамара Александровна 
701 1 |a Решмин  |b Б. И.  |g Борис Иванович 
702 1 |a Большам  |b Я. М.  |4 340 
801 1 |a RU  |b 63413507  |c 20060403  |g PSBO 
801 2 |a RU  |b 63413507  |c 20140618  |g PSBO 
942 |c BK